000
00335nam a2200145Ia 4500
008
240624s9999 xx 000 0 und d
041
_a
eng
082
_a
300.72 VOG
100
_a
VOGT W PAUL
245
_a
DATA COLLECTION
260
_c
2010
_a
London
_b
Sage
300
_a
lxx, : 190 : p. : cm. ; 23
365
_c
GBP
_b
38
440
_v
1
999
_c
24304
_d
24304